| 000 | 00686nam a2200205 a 4500 | ||
|---|---|---|---|
| 001 | 000041080 | ||
| 005 | 20201002034613.0 | ||
| 008 | 130917s1991 sp 000 0 spa d | ||
| 020 | _a8400071271 | ||
| 040 |
_aDO-SdBNP _bspa _cBNPHU |
||
| 100 | 1 |
_aCardoso, Lúcio. _967588 |
|
| 245 | 1 | 3 |
_aCrônica da casa assassinada / _cLúcio Cardoso. |
| 260 |
_aMadrid : _bMinisterio da Cultura de España, _c1991. |
||
| 300 |
_axxxvii, 810 p. ; _c24 cm. |
||
| 490 | 1 |
_aArchivos ; _v18 |
|
| 500 | _aIncluye referencias bibliográficas y notas al pie de las páginas | ||
| 504 | _aBibliografía : p. 797-810 | ||
| 700 | 1 |
_aAínsa, Fernando, _d1937-, _ecoor. _967587 |
|
| 830 | 0 |
_aArchivos ; _v18 _914634 |
|
| 999 |
_c40570 _d40570 |
||